[Event "Wch U10 Girls"]
[Site "Batumi"]
[Date "2016.10.27"]
[Round "8.31"]
[White "Chkhaidze, Mariam"]
[Black "Kouchakzadeh, Parto"]
[Result "1/2-1/2"]
[WhiteElo "1180"]
[BlackElo "1335"]
[PlyCount "48"]
[EventDate "2016.10.19"]
[EventType "swiss"]
[EventRounds "11"]
[EventCountry "GEO"]
[SourceTitle "EXT 2018"]
[Source "ChessBase"]
[SourceDate "2017.10.13"]
[SourceVersion "1"]
[SourceVersionDate "2017.10.13"]
[SourceQuality "1"]

1. e4 c5 2. Nc3 e6 3. g3 a6 4. Bg2 Qc7 5. Nge2 b5 6. d3 Bb7 7. 0-0 d6 8. f4 Nf6 9. h3 Be7 10. g4 h6 11. Ng3 Nc6 12. Nce2 Nd7 13. Bd2 Bf6 14. c3 Qb6 15. Kh2 Be7 16. f5 Nde5 17. Qc2 g6 18. fxe6 fxe6 19. Rf4 Rf8 20. Raf1 Kd7 21. Rxf8 Rxf8 22. Rxf8 Bxf8 23. Qd1 Qd8 24. Qf1 Qe7 1/2-1/2